La química de la vida
Saved in:
| Hovedforfatter: | |
|---|---|
| Format: | Bog |
| Sprog: | spansk |
| Udgivet: |
Santiago
Universitaria
1970
|
| Serier: | El mundo de la ciencia, 3
|
| Fag: | |
| Tags: |
Tilføj Tag
Ingen Tags, Vær først til at tagge denne postø!
|
MARC
| LEADER | 00000nam a2200000 a 4500 | ||
|---|---|---|---|
| 001 | UCT1428 | ||
| 003 | CL-VaPUC | ||
| 008 | 960927e19700000CL |||||||||||||||||spa|d | ||
| 082 | 0 | 4 | |a 572 |b ROS |2 21 |
| 100 | 0 | |a Rose, Steven |e author |9 370320 | |
| 245 | 1 | 3 | |a La química de la vida |
| 300 | |a 275 p | ||
| 942 | |c BK | ||
| 945 | |d 19960927 00:00:00 |a cmena | ||
| 260 | |a Santiago |b Universitaria |c 1970 | ||
| 650 | 0 | |a Bioquímica |9 259492 | |
| 650 | 0 | |a Fuentes de energía |9 263042 | |
| 650 | 0 | |a Células |9 269548 | |
| 650 | 0 | |a Metabolismo |9 259893 | |
| 650 | 0 | |a Organismos vivos |9 264556 | |
| 583 | |a last modification |c 19960927 00:00:00 |k Rodrigo Vera | ||
| 490 | 0 | |a El mundo de la ciencia, 3 | |
| 999 | |c 251956 |d 251954 | ||
| 952 | |0 0 |1 0 |4 0 |6 572_000000000000000_ROS_1970 |7 0 |8 A |9 271495 |a BIBCUR |b BIBCUR |d 2019-11-19 |i 175534K |l 4 |o 572 ROS 1970 |p 175534K |q 2025-05-16 |r 2025-05-09 |s 2025-05-09 |w 2019-11-19 |y BK |k FIS | ||